South American Capital Match Quiz Stats

Quiz Updated Feb 19, 2015

Challenge
Share
Tweet
Embed
Score 0/12 Timer 02:00
18 Plays Today
% Correct
Brasília
94.6%
Buenos Aires
93.8%
Lima
92%
Bogotá
87.7%
Santiago
86.7%
Caracas
81.4%
Quito
79.4%
La Paz
76.2%
Montevideo
76.1%
Georgetown
71.5%
Paramaribo
68.5%
Asunción
64.9%

You're not logged in!

Compare scores with friends on all Sporcle quizzes.
Join for Free
OR
Log In

You Might Also Like...

Show Comments

Extras

Top Quizzes Today


Score Distribution

Your Account Isn't Verified!

In order to create a playlist on Sporcle, you need to verify the email address you used during registration. Go to your Sporcle Settings to finish the process.

Report this User

Report this user for behavior that violates our Community Guidelines.

Details: